General Knowledge - Albania - Statistics

General Stats
  • This quiz has been taken 310 times
  • The average score is 10 of 22
Answer Stats
Question Answer % Correct
What is the most popular sport in Albania? Football (Soccer)
82%
Besides Albania, which country is predominantly ethnically Albanian? Kosovo
81%
Who was the dictator of Albania from 1944-1985? Enver Hoxha
80%
What religion is the most prominent (making up around 56% of the population)? Sunni Islam
79%
Which empire ruled over Albania for ~500 years until its collapse in 1910? The Ottoman Empire
78%
What is the national currency of Albania? Lek
75%
Who is the only ethnic Albanian to win a Nobel Peace Prize? Mother Theresa
65%
What is the Albanian name for their own country? Shqipëria
62%
What kind of structure might you find 750,000 littered across the country, due to the paranoia of the Communist era? Bunkers
58%
Which Empire annexed Albania in the 3rd Century BC Rome
57%
What is a "çifteli? Musical instrument
44%
Gheg
42%
Who were the first peoples to settle in modern day Albania? The Illyrians
41%
What are the main two ethnic sub-groups of Albanians? Tosk
41%
What large, sugary green fruit is a major export of Albania? Watermelon
36%
Who preceded him? (Prior to Italian occupation during WWII) King Zog I
33%
What natural disaster hit in 2010, causing 7000 families to be evacuated? Flood
32%
What is the longest lake in Albania? The Drin
20%
What are the major ingredients of an *Oshaf* pudding? Sheep's Milk
15%
Which 1915 treaty forced Albania to hand over the majority of it's lands to Italy? Treaty of London
15%
Figs
10%
What is the name of the 500 year-old Northern Albanian tribe of women who "live as men"? The Burrneshas
1%
No matching quizzes found
Score Distribution
Percent of People with Each Score
Percentile by Number Answered
Your Score History
You have not taken this quiz